Una misión difícil /

Guardado en:
Detalles Bibliográficos
Autor principal: Marcotte, Gilles (autor)
Formato: Libro
Idioma:Español
Publicado: Barcelona, España : Andrés Bello, 1998, c1998
Colección:(Novela)
Temas:
Etiquetas: Agrega una etiqueta
Sin etiquetas, Sé el primero en etiquetar este registro!

MARC

LEADER 00000nam^a2200000^a^4500
001 000091032
005 20250521000000.0
009 20260310092633.693
020 |a 84-89691-56-8 
037 |a Acervo ITESO - Biblioteca 
041 |a ESP 
082 |a 819. 13  |b MAR 
100 |a Marcotte, Gilles  |e (autor) 
245 1 4 |a Una misión difícil /  |c G. Marcotte ; tr. por Alejandro Madrid-Zan. 
264 4 |a Barcelona, España :  |b Andrés Bello,  |c 1998, c1998 
300 |a 133 p. 
336 |a texto  |b txt  |2 rdacontenido 
337 |a sin mediación  |b n  |2 rdamedio 
338 |a volumen  |b nc  |2 rdasoporte 
440 1 |a (Novela) 
500 |a Traducción de: Une mission difficile 
649 |a XX 
650 |a Novela Canadiense 
650 |a Literatura Canadiense -  |y Siglo XX 
910 |a Fondo General 
920 |a Impresos - Libros 
930 |a Colección General 
940 |a Literatura 
905 |a 101 
901 |a 0500025637  |b IT1  |c LIT  |u 20250521 
902 |a https://opac.biblio.iteso.mx/vufind/Record/000091032